Catalog

Record Details

Catalog Search



Available copies

  • 7 of 8 copies available at LARL/NWRL Consortium.
  • 1 of 1 copy available at Lake Agassiz Regional Library. (Show preferred library)

Current holds

0 current holds with 8 total copies.

Show Only Available Copies
Location Call Number / Copy Notes Barcode Shelving Location Status Due Date
Moorhead Public Library SPA (Text) 33500012737771 Main Available -
Godel Memorial-Warren Library SPA (Text) 35500003219415 Main Available -
Godel Memorial-Warren Library SPA (Text) 35500006859910 Main Available -
Greenbush Public Library pb (Text) 35500003213558 Main Available -
Greenbush Public Library SPA (Text) 35500003247473 Main Available -
Hallock Public Library SPA (Text) 35500003213566 Main Available -
Karlstad LINK Site SPA (Text) 35500003213582 Main Available -
Warroad Public Library SPA (Text) 35500003213541 Main In transit -

Record details

  • ISBN: 9781455571758
  • ISBN: 0446531332
  • ISBN: 9780446691796
  • Physical Description: viii, 212 p. ; 22 cm.
  • Publisher: New York : Warner Books, 2002.
Subject: Rodanthe (N.C.) > Fiction.
North Carolina > Fiction.
Divorced people > Fiction.
Hotelkeepers > Fiction.
Storms > Fiction.
Genre: Romantic suspense fiction.
LDR 01847cam a22003858a 4500
00143906
003LARL_NWRL_CONSORTIUM
00520240620155858.0
008020402s2002 nyu 000 1 eng
020 . ‡a9781455571758
020 . ‡a0446531332
020 . ‡a9780446691796
035 . ‡a(OCoLC)49576256
03500. ‡ilcmarc/BAT-2369/LARLTECH
040 . ‡aDLC ‡cDLC
08200. ‡a813/.54 ‡221
099 . ‡aSpa
1001 . ‡aSparks, Nicholas. ‡0(LARL_NWRL_CONSORTIUM)154366
24510. ‡aNights in Rodanthe / ‡cNicholas Sparks.
260 . ‡aNew York : ‡bWarner Books, ‡c2002.
300 . ‡aviii, 212 p. ; ‡c22 cm.
651 0. ‡aRodanthe (N.C.) ‡vFiction.
651 0. ‡aNorth Carolina ‡vFiction. ‡0(LARL_NWRL_CONSORTIUM)166409
650 0. ‡aDivorced people ‡vFiction. ‡0(LARL_NWRL_CONSORTIUM)164628
650 0. ‡aHotelkeepers ‡vFiction. ‡0(LARL_NWRL_CONSORTIUM)165689
650 0. ‡aStorms ‡vFiction. ‡0(LARL_NWRL_CONSORTIUM)167347
655 7. ‡aRomantic suspense fiction. ‡2gsafd
901 . ‡a43906 ‡bOCLC ‡c43906 ‡tbiblio

Additional Resources